| 000 | 00313nam a2200097Ia 4500 | ||
|---|---|---|---|
| 008 | 220204s9999 xx 000 0 und d | ||
| 082 |
_a331.109.646 _bINT |
||
| 245 | 0 | _aInternational seminar on commercial arbitration 18th and 19th March, 1968 | |
| 260 |
_aNew Delhi _bIndian Council of Arbitration _c1968 |
||
| 942 | _cBK | ||
| 999 |
_c22248 _d22248 |
||